مكتبة جامعة عجلون الوطنية

فهرس بحث المكتبة

Normal view MARC view
  • تكنولوجيا التعليم. التعليم-معالجة البيانات إلكترونيا

Entry Topical Term

Number of records used in: 1

001 - CONTROL NUMBER

  • control field: 34476

003 - CONTROL NUMBER IDENTIFIER

  • control field: JO-AjAnu

005 - DATE AND TIME OF LATEST TRANSACTION

  • control field: 20230606075756.0

008 - FIXED-LENGTH DATA ELEMENTS

  • fixed length control field: 230606|| aca||aabn | a|a d

040 ## - CATALOGING SOURCE

  • Original cataloging agency: JO-AjAnu
  • Transcribing agency: JO-AjAnu

150 ## - HEADING--TOPICAL TERM

  • Topical term or geographic name entry element: تكنولوجيا التعليم. التعليم-معالجة البيانات إلكترونيا

670 ## - SOURCE DATA FOUND

  • Source citation: Work cat.: (JO-AjAnu)17708: /م.مشارك /الحاج عيسى،مصباح مترجم/شماعة،زهرية مترجم/بن مسعود،سناء مترجمة /أبو لبدة،إيناس مترجمة/السمان،سرى مترجمة/ملحم،إياد مراجع لغويGunter/ م.مشاركCashman /مؤلفShelly, author 34475, تقنيات تربوية حديثة